Famous Michaels - Statistics

General Stats
  • This quiz has been taken 71 times
  • The average score is 14 of 25
Answer Stats
Hint Answer % Correct
The King of Pop Michael Jackson
100%
Former NBA player regarded by many as the greatest basketball player of all time Michael Jordan
95%
Lead singer of the Rolling Stones Mick Jagger
83%
This swimmer is the most decorated Olympian in history Michael Phelps
81%
Canadian comedian who starred as Austin Powers and Shrek Mike Myers
78%
He bit off part of Evander Holyfield's ear in 1997 Mike Tyson
77%
US Vice-President between 2017 and 2021 Mike Pence
72%
Canadian actor who starred as Marty McFly in the Back to the Future movies Michael J. Fox
70%
German Formula One champion who suffered severe brain injuries during a skiing accident in 2013 Michael Schumacher
66%
This man's most famous role was as financier Gordon Gekko in Wall Street Michael Douglas
58%
Cockney actor who starred in Zulu, Get Carter and The Italian Job Michael Caine
56%
Actor who starred as the title character in Beetlejuice Michael Keaton
55%
Genial member of Monty Python known for his travel documentaries Michael Palin
53%
Author of "Jurassic Park" Michael Crichton
52%
Australian musician who was the lead singer of INXS Michael Hutchence
45%
Transformers director, known for his gratuitous use of explosions Michael Bay
44%
German-Irish actor who starred as Magneto in the X-Men movies Michael Fassbender
44%
Former mayor of New York who ran for President in 2020 Michael Bloomberg
41%
19th century physicist who discovered the principles of electromagnetic induction Michael Faraday
41%
Documentary maker who narrated the feature film Bowling for Columbine Michael Moore
41%
Actor who starred as Albus Dumbledore in the Harry Potter movies following the death of Richard Harris Michael Gambon
39%
Member of the Apollo 11 crew who did not set foot on the moon Michael Collins
38%
Democratic politician who unsuccessfully stood against George H.W. Bush during the 1988 US Presidential election Michael Dukakis
30%
This memeworthy English children's writer wrote "We're Going on a Bear Hunt" Michael Rosen
11%
Former CIA Director and Secretary of State under Donald Trump Mike Pompeo
11%
No matching quizzes found
Score Distribution
Percent of People with Each Score
Percentile by Number Answered
Your Score History
You have not taken this quiz